000 00549nam a2200169Ia 4500
005 20241108105548.0
008 240806s9999||||xx |||||||||||||| ||eng||
041 _ahin
082 _a891.4309
_bSINM
100 _aSingh, Narendra
245 0 _aMayavad ke adhunik khandan ki sameeksha /
_cNarendra Singh
260 _aAllahabad:
_bAcademy Press,
300 _a155p.
650 _aHindi
880 _6245
_aमायावाद के आधुनिक खंडन की समीक्षा / नरेंद्र सिंह
942 _cBK
999 _c14848
_d14848